| 000 | 00779nam a2200181 a 4500 | ||
|---|---|---|---|
| 001 | 46430 | ||
| 005 | 20180714030009.0 | ||
| 008 | 140415s2001 mx 000 0 spa d | ||
| 020 | _a9687870990 | ||
| 041 | _aspa | ||
| 082 |
_a808.8142 _bFIO |
||
| 245 | 0 | 0 | _aFIORI DI SONETTI/FLORES DE SONETOS |
| 250 | _a1a ed. | ||
| 260 |
_aMEXICO : _bALDUS, _c2001 |
||
| 300 |
_a291 _c20 x 1.8 x 25.7 |
||
| 520 | _aESTAS FLORES DE SONETO SON POR UN LADO, UNA RADIOGRAFIA POSIBLE DE COMO LA POPESIA ESPAÑOLA COBRO GIROS Y MATRICES DISTINTOS CON EL SONETO, VOLVIENDOSE CON ELLO UN PRODUCTO RENOVADO Y DISTINTO Y POR OTRO SON LA MUESTRA DE LA DEVOCION QUE LA POESIA PUEDE GENERAR NATURALMENTE EN LA SENSIBILIDAD DE LA GENTE | ||
| 650 | 1 | 4 |
_aLITERATURA ESPAOLA _xSONETOS ESPAOLES |
| 999 |
_c46430 _d46430 |
||